Managing credit/ (Record no. 1222)
[ view plain ]
| 000 -LEADER | |
|---|---|
| fixed length control field | 00545nam a2200205 a 4500 |
| 005 - DATE AND TIME OF LATEST TRANSACTION | |
| control field | 20260322212052.0 |
| 008 - FIXED-LENGTH DATA ELEMENTS--GENERAL INFORMATION | |
| fixed length control field | data |
| 020 ## - INTERNATIONAL STANDARD BOOK NUMBER | |
| International Standard Book Number | 9781680210125 |
| 092 ## - LOCALLY ASSIGNED DEWEY CALL NUMBER (OCLC) | |
| Classification number | 658.88 Han 2015 |
| 001 - CONTROL NUMBER | |
| control field | data |
| 100 1# - MAIN ENTRY--PERSONAL NAME | |
| Personal name | Haney, Jill |
| 245 10 - TITLE STATEMENT | |
| Title | Managing credit/ |
| Statement of responsibility, etc. | Jill Haney & PJ Gray. |
| 246 ## - VARYING FORM OF TITLE | |
| Title proper/short title | High cost |
| 260 ## - PUBLICATION, DISTRIBUTION, ETC. | |
| Place of publication, distribution, etc. | [Costa Mesa, California] : |
| Name of publisher, distributor, etc. | Saddleback Educational Publishing, |
| 300 ## - PHYSICAL DESCRIPTION | |
| Extent | 31 pages : color illustrations ; |
| Other physical details | 20 cm. |
| 490 ## - SERIES STATEMENT | |
| Series statement | Money Skills |
| 650 #0 - SUBJECT ADDED ENTRY--TOPICAL TERM | |
| Topical term or geographic name entry element | Finance, Personal |
| 650 #0 - SUBJECT ADDED ENTRY--TOPICAL TERM | |
| Topical term or geographic name entry element | Money management |
| 700 1# - ADDED ENTRY--PERSONAL NAME | |
| Personal name | Gray, PJ |
| Withdrawn status | Lost status | Damaged status | Not for loan | Home library | Current library | Shelving location | Date acquired | Total checkouts | Full call number | Barcode | Date last seen | Price effective from | Koha item type |
|---|---|---|---|---|---|---|---|---|---|---|---|---|---|
| Franklin | Franklin | General stacks | 22/03/2026 | GEN | BC0011262 | 22/03/2026 | 22/03/2026 | Books |